Statistics for Top 20 Chinese cities by GDP per capita (2022)

Click here to take the quiz!

General Stats

  • This quiz has been taken 38 times
  • The average score is 10 of 20

Answer Stats

No.GDP per capita (¥)GDP per capita ($)ProvinceCity (Prefecture)% Correct
1915331722795GuangdongGuangzhou
100%
419009128262/Beijing
97%
917940126673/Shanghai
97%
618318827236GuangdongShenzhen
97%
817948926686JiangsuNanjing
76%
1815371422854ZhejiangHangzhou
71%
518644627720JiangsuSuzhou
68%
319854029518JiangsuWuxi
50%
1316461524474ZhejiangNingbo
44%
1516378524351GuangdongZhuhai
35%
125868238460Inner MongoliaEerduosi / Ordos
32%
1117850726540JiangsuChangzhou
29%
1715513123064JiangsuYangzhou
29%
1416457724469ShandongDongying
26%
1615580723165JiangsuZhenjiang
26%
224246936051XinjiangKelamayi / Karamay
24%
718076526876ShaanxiYulin
24%
1216677824796ZhejiangZhoushan
24%
2015085222428Inner MongoliaAlashan / Alxa
21%
1017927726654QinghaiHaixi
21%

Score Distribution

Percentile by Number Answered

Percent of People with Each Score

Your Score History

You have not taken this quiz